MARC
|
|
|
|
| LEADER |
00000nam0a2200000 4500 |
| 001 |
284314 |
| 005 |
20231101235701.0 |
| 035 |
|
|
|a (RuTPU)RU\TPU\book\308469
|
| 090 |
|
|
|a 284314
|
| 100 |
|
|
|a 20150213d1983 k y0rusy50 ca
|
| 101 |
0 |
|
|a rus
|
| 102 |
|
|
|a RU
|
| 105 |
|
|
|a a z 001zy
|
| 200 |
1 |
|
|a Современная проблематика дистанционных исследований геосистем
|f Академия наук СССР (АН СССР), Институт географии (ИГ) ; под ред. А. М. Грина
|
| 210 |
|
|
|a Москва
|c Изд-во Ин-та географии АН СССР
|d 1983
|
| 215 |
|
|
|a 244 с.
|c ил.
|
| 320 |
|
|
|a Библиография в конце статей
|
| 606 |
1 |
|
|a Геосистемы
|2 stltpush
|3 (RuTPU)RU\TPU\subj\6225
|9 34159
|
| 610 |
1 |
|
|a дистанционные исследования
|
| 610 |
1 |
|
|a аэрокосмические методы
|
| 610 |
1 |
|
|a окружающая среда
|
| 610 |
1 |
|
|a природные ресурсы
|
| 610 |
1 |
|
|a биогеографические исследование
|
| 610 |
1 |
|
|a радиационно-тепловой режим
|
| 610 |
1 |
|
|a приборно-технологическое обеспечение
|
| 675 |
|
|
|a 911.5/.9
|v 3
|
| 702 |
|
1 |
|a Грин
|b А. М.
|4 340
|
| 712 |
0 |
2 |
|a Академия наук СССР (АН СССР)
|b Институт географии (ИГ)
|c (Москва)
|2 stltpush
|3 (RuTPU)RU\TPU\col\11388
|
| 801 |
|
1 |
|a RU
|b 63413507
|c 20150213
|
| 801 |
|
2 |
|a RU
|b 63413507
|c 20171010
|g RCR
|
| 942 |
|
|
|c BK
|